000 00823nam a2200241 i 4500
001 101831
003 ES-MaACL
005 20230906183005.0
007 t|
008 051026q1911 sp ||||1| spa d
100 1 _aMendès, Catulle.
_980102
245 1 0 _aVida y muerte de un clown /
_cCatulle Mendès; traducción de Juan Alfonso Valdés.
260 _aMadrid :
_bRicardo Rojas,
_c[1911?]
300 _a2 v. ;
_c16 cm.
490 1 _aObras de autores celebres ;
_vXIII y XIV
505 8 _aContiene: I.-- La virtud en la deshonra. II.-- La pequeña emperatriz
700 1 _aValdés, Juan Alfonso.
_9112509
740 3 _aLa virtud en la deshonra.
740 3 _aLa pequeña emperatriz.
830 0 _aObras de autores celebres ;
_vXIII y XIV
_9232502
852 _aES-MaACL
_jD-2738-39
999 _c101831
_d101831